| 000 | 00540pam a2200205 a 4500 | ||
|---|---|---|---|
| 020 |
_a185317226X _c11856.00 |
||
| 041 |
_aeng _hNULL |
||
| 082 |
_a617.7 _bHAM/GRE |
||
| 100 | _aHAMILTON, A . | ||
| 245 |
_aTEXT ATLAS OF THE RETINA / _cNULL. _hTextual Documents |
||
| 260 |
_aNULL : _bMARTIN DUNITZ , _c1998. |
||
| 300 |
_a417 : _bVIII ; _cA4 . |
||
| 365 | _a11856.00 | ||
| 504 | _aOPHTHALMOLOGY | ||
| 653 | _aOPHTHALMOLOGY | ||
| 700 |
_aGREGSON, R . _aFISH, G . |
||
| 907 | _a8761 | ||
| 930 | _a3986 | ||
| 999 |
_c798520 _d798520 |
||